| 000 | 00611nam a22002057a 4500 | ||
|---|---|---|---|
| 003 | OSt | ||
| 005 | 20260213023442.0 | ||
| 008 | 260213b |||||||| |||| 00| 0 eng d | ||
| 020 | _a978-0-14-026941-3 | ||
| 040 |
_aDWCL-Main Lib _cOC |
||
| 082 | _aCirc. 155.264 B265 1998 | ||
| 100 | _aBaron, Renee | ||
| 245 | _aWhat type am I? : discover who you really are | ||
| 260 |
_aNew York : _bPenguin Books, _cc1998 |
||
| 300 |
_axiii, 170 p. : _bill. ; _c23 cm. |
||
| 504 | _aIncludes bibliographical references. | ||
| 650 | _aTemperament. | ||
| 650 | _aTypology (Psychology). | ||
| 942 |
_2ddc _cBK-CIRC _mCirc. _n0 |
||
| 999 |
_c8392 _d8392 |
||